000 00889 a2200217 4500
003 Nust
005 20230206113928.0
010 _a 2014323739
020 _a9789698535186
040 _cNust
082 _a954.9042,BAZ
100 1 _aBazmi, Aslam,
_96707
245 1 0 _aOur Quaid :
_bas remembered and reported /
_cAslam Bazmi.
260 _aIslamabad
_bNUST
_c2014
300 _axiv, 166 pages ;
_c23 cm
505 _aHard work and Diligence (Page-1), Commitment to Principles (Page-11), Character and Credibility (Page-29), Value of Discipline (Page-45), Frugality and Thriftiness (Page-65), Advice to student (Page-91), Foreign Policy Outlook (Page-105), Advice to Civil Servants (Page-107),
600 1 0 _aJinnah, Mahomed Ali,
_d1876-1948.
651 _aOur Quaid
_9108646
710 2 _aNational University of Sciences and Technology (Islamabad, Pakistan)
_94252
942 _2ddc
_cBK
999 _c217045
_d217045